000 00448nam a2200133Ia 4500
008 181023s9999 xx 000 0 und d
020 _a9781138651364
100 _aDavis, Andrew.
245 _cAndrew Davis, Maria Goulding, Jennifer Suggate.--
_aMathematical knowledge for primary teachers /
250 _a5th ed
260 _aNew York :
_bRoutledge
_c2017
300 _axiii, 327 pages.
650 _aMathematics -- study and teaching (Elementary).
999 _c359390
_d359390